000 00749nam a2200241Ia 4500
003 OSt
005 20220923212941.0
006 a|||||r|||| 00| 0
007 ta
008 220922b |||||||| |||| 00| 0 hin d
024 _a157,299
037 _cTextual
040 _aARTS
_cARTS
_bhin
041 _2hin
_ahin
082 _aO152:g(P), M7-;1
100 _aतिवारी, सियाराम
_9156271
245 0 _aपाठानुसंधान
246 _aPāṭhānusandhāna
260 _aइलाहाबाद
_b स्मृति प्रकाशन
_c1987
300 _a160 पृ.
_ccm.
942 _hO152:g(P), M7-;1
_cTEXL
_2CC
999 _c312516
_d312516